00611nam a2200193 a 4500001000900000005001700009008004100026020001500067040001800082050002500100100001700125245007500142260004500217300004200262610002500304650005100329650001400380700002300394BRCA_82020190320203149.0870427s1987 nyua---###---#000-0#eng-# a0385242522 aDLCcDLCdDLC 4aNK7398.T5b.L67 19871 aLoring, John10aTiffany´s 150 YearscJohn Loring ; introduction by Louis Auchincloss. aGarden City, Nueva YorkbDoubledayc1987 a191 p.bil. (algunas a color)c32 cm.24aTiffany y Compañia14aDecoración y ornamentaciónzEstados Unidos14aJoyería1 aAuchincloss, Louis